[Event "IIFL Wealth 4th Mumbai GM"]
[Site "Mumbai"]
[Date "2019.01.04"]
[Round "6"]
[White "Rajesh, V A V"]
[Black "Gajek, Radoslaw"]
[Result "1/2-1/2"]
[WhiteElo "2402"]
[BlackElo "2475"]
[Annotator "TA"]
[PlyCount "75"]
[EventDate "2018.12.30"]
[EventType "swiss"]
[EventCountry "IND"]
[SourceTitle "playchess.com"]
[Source "ChessBase"]
[SourceQuality "1"]

{[%evp 24,75,19,10,18,-8,29,14,26,8,37,30,64,71,53,21,28,-4,40,20,29,18,19,19,19,17,18,16,17,14,22,22,25,24,22,0,0,0,0,-9,0,-14,0,-16,-18,-18,0,0,0,-19,0,0,0,-10]} 1. d4 Nf6 2. c4 e6 3. Nc3 Bb4 4. e3 O-O 5. Bd3 c5 6. Nge2 d5 7. cxd5 cxd4 8. exd4 Nxd5 9. O-O Nc6 10. Nxd5 Qxd5 11. Qc2 {E48: Nimzo-Indian: Rubinstein: 5 Bd3 d5 including 6 Ne2, but excluding 6 a3} (11. a3 Be7 12. Qc2 g6 13. Rd1 Bf6 14. Be4 Qd8 15. Bh6 Re8 16. d5 exd5 17. Bxd5 Qe7 18. Ng3 Be6 19. Ne4 Nd4 {0-1 (56) Tregubov,P (2585)-Inarkiev,E (2709) Doha 2016}) 11... h6 12. a3 Bd6 13. Rd1 {[#] LiveBook: 3 Games} Ne7 $146 ({Predecessor:} 13... Bd7 14. Bh7+ Kh8 15. Be4 Qa5 16. d5 exd5 17. Bxh6 Be6 18. Be3 Bxh2+ 19. Kxh2 dxe4 20. Qxe4 {1-0 (58) Illescas Cordoba,M (2601)-Andres Gonzalez,A (2535) Don Benito 2012}) 14. Bh7+ Kh8 {[#] ...f5 is the strong threat.} 15. Be4 Qa5 16. Bf4 Rd8 17. Rac1 Nd5 18. Be5 Qb6 19. Bxd5 exd5 20. Nf4 Be6 21. Bxd6 Qxd6 22. Qc7 Rac8 23. Qxd6 Rxd6 24. Rxc8+ Bxc8 $11 {[%mdl 4096] Endgame KRB-KRN} 25. Rc1 Be6 26. Kf1 g5 27. Nxe6 Rxe6 {KR-KR} 28. Rc7 Rb6 29. b4 {The position is equal.} Kg7 30. Ke2 Ra6 31. Rc3 Kf6 32. Rf3+ Ke6 33. Kd2 h5 34. Re3+ Kd6 35. Rf3 Ke6 36. Re3+ Kd6 37. Rf3 Ke6 38. Re3+ {Accuracy: White = 58%, Black = 48%.} 1/2-1/2

[Event "IIFL Wealth 4th Mumbai GM"]
[Site "Mumbai"]
[Date "2019.01.04"]
[Round "6"]
[White "Sardana, Rishi"]
[Black "Shyaamnikhil P"]
[Result "1-0"]
[WhiteElo "2398"]
[BlackElo "2448"]
[Annotator "NA RC"]
[PlyCount "111"]
[EventDate "2018.12.30"]
[EventType "swiss"]
[EventCountry "IND"]
[SourceTitle "playchess.com"]
[Source "ChessBase"]
[SourceQuality "1"]
[TimeControl "40/5400+30:1800+30"]

1. e4 {[%emt 0:00:00]} c5 {[%emt 0:00:00]} 2. Nf3 {[%emt 0:00:00]} d6 {[%emt 0:00:08]} 3. Bb5+ {[%emt 0:00:00]} Nd7 {[%emt 0:00:24]} 4. c4 {[%emt 0:00:55]} a6 {[%emt 0:03:03]} 5. Ba4 {[%emt 0:00:07]} Ngf6 {[%emt 0:01:22]} 6. Nc3 {[%emt 0:01:08]} g6 {[%emt 0:05:17]} 7. O-O {[%emt 0:00:13]} e5 {[%emt 0:01:34]} 8. a3 {[%emt 0:01:42]} Bg7 {[%emt 0:00:15]} 9. b4 {[%emt 0:00:15]} O-O {[%emt 0:00:16]} 10. d3 {[%emt 0:00:05]} h6 {[%emt 0:06:14]} 11. Rb1 {[%emt 0:06:20]} a5 {[%emt 0:06:13]} 12. bxc5 {[%emt 0:03:27]} Nxc5 {[%emt 0:00:24]} 13. Bc2 {[%emt 0:01:49]} Be6 {[%emt 0:02:29]} 14. Be3 {[%emt 0:05:50]} Nfd7 {[%emt 0:02:05]} 15. Nd5 {[%emt 0:01:01]} Rb8 {[%emt 0:04:48]} 16. h3 {[%emt 0:04:30]} Kh7 {[%emt 0:07:32]} 17. Re1 {[%emt 0:13:35]} Re8 {[%emt 0:02:36]} 18. Qd2 {[%emt 0:07:07]} b6 {[%emt 0:01:07]} 19. Rb5 {[%emt 0:09:31]} Bxd5 {[%emt 0:05:23]} 20. cxd5 {[%emt 0:00:33]} Qc7 {[%emt 0:00:27]} 21. Rc1 {[%emt 0:09:56]} Rbc8 {[%emt 0:02:41]} 22. Qe2 {[%emt 0:04:05]} Bf6 {[%emt 0:05:14]} 23. g3 {[%emt 0:02:24]} Bd8 {[%emt 0:08:46]} 24. Kg2 {[%emt 0:02:24]} Nf6 {[%emt 0:01:57]} 25. Nd2 {[%emt 0:07:38]} Qe7 {[%emt 0:02:12]} 26. Nc4 {[%emt 0:04:16]} Nfd7 {[%emt 0:00:13]} 27. h4 {[%emt 0:00:46]} h5 {[%emt 0:05:00]} 28. f3 {[%emt 0:00:10]} Bc7 {[%emt 0:02:14]} 29. Rbb1 {[%emt 0:01:35]} Rb8 {[%emt 0:01:39]} 30. Rb5 {[%emt 0:00:06]} Rf8 {[%emt 0:01:39]} 31. Re1 {[%emt 0:01:31]} Rfe8 {[%emt 0:00:45]} 32. Bd2 {[%emt 0:02:36]} Rh8 {[%emt 0:02:49]} 33. Bc3 {[%emt 0:00:52]} Rhg8 {[%emt 0:00:09]} 34. Bd2 {[%emt 0:01:49]} Rh8 {[%emt 0:01:08]} 35. Bg5 {[%emt 0:00:17]} f6 {[%emt 0:01:06]} 36. Bd2 {[%emt 0:00:03]} Kg7 {[%emt 0:00:30]} 37. Ne3 {[%emt 0:00:28]} Kf7 {[%emt 0:00:22]} 38. Rh1 {[%emt 0:00:54]} Ke8 {[%emt 0:01:10]} 39. Bc3 {[%emt 0:00:35]} Rf8 {[%emt 0:00:57]} 40. Qf2 {[%emt 0:00:00]} Kd8 {[%emt 0:00:00]} 41. Re1 {[%emt 0:02:12]} Qe8 {[%emt 0:02:10]} 42. Rbb1 {[%emt 0:00:56]} Qf7 {[%emt 0:01:33]} 43. Qd2 {[%emt 0:01:10]} Rg8 {[%emt 0:04:22]} 44. d4 {[%emt 0:02:21]} exd4 {[%emt 0:00:18]} 45. Bxd4 {[%emt 0:00:02]} Re8 {[%emt 0:00:29]} 46. Nc4 {[%emt 0:01:20]} Ne5 {[%emt 0:02:36]} 47. Nxe5 {[%emt 0:02:22]} fxe5 {[%emt 0:00:14]} 48. Bxc5 {[%emt 0:00:11]} bxc5 {[%emt 0:00:07]} 49. Rxb8+ {[%emt 0:01:45]} Bxb8 {[%emt 0:00:05]} 50. Rb1 {[%emt 0:00:44]} Bc7 {[%emt 0:00:35]} 51. Rb7 {[%emt 0:01:06]} Rf8 {[%emt 0:00:09]} 52. Bd1 {[%emt 0:00:17]} Qe7 {[%emt 0:00:32]} 53. Qb2 {[%emt 0:07:00]} Qd7 {[%emt 0:00:18]} 54. Ra7 {[%emt 0:01:21]} Rf7 {[%emt 0:03:10]} 55. Qb7 {[%emt 0:01:54]} Ke8 {[%emt 0:01:31]} 56. Ba4 {[%emt 0:04:46]} 1-0

[Event "IIFL Wealth 4th Mumbai GM"]
[Site "Mumbai"]
[Date "2019.01.04"]
[Round "6"]
[White "Sammed Jaykumar, Shete"]
[Black "Gukesh D"]
[Result "0-1"]
[WhiteElo "2378"]
[BlackElo "2466"]
[Annotator "ChessBase"]
[PlyCount "68"]
[EventDate "2018.12.30"]
[EventType "swiss"]
[EventCountry "IND"]
[SourceTitle "playchess.com"]
[Source "ChessBase"]
[SourceQuality "1"]
[TimeControl "40/5400+30:1800+30"]

1. e4 {[%emt 0:00:00]} c6 {[%emt 0:00:00]} 2. d4 {[%emt 0:00:00]} d5 {[%emt 0:00:00]} 3. e5 {[%emt 0:00:00]} Bf5 {[%emt 0:00:00]} 4. Nf3 {[%emt 0:00:00]} e6 {[%emt 0:00:00]} 5. Be2 {[%emt 0:00:00]} Bb4+ {[%emt 0:00:16]} 6. c3 {[%emt 0:00:00]} Ba5 {[%emt 0:00:06]} 7. Nbd2 {[%emt 0:00:13]} Nd7 {[%emt 0:00:29]} 8. Nf1 {[%emt 0:00:47]} Bc7 {[%emt 0:02:47]} 9. Ng3 {[%emt 0:01:20]} Bg6 {[%emt 0:03:01]} 10. h4 {[%emt 0:04:07]} f6 {[%emt 0:03:22]} 11. h5 {[%emt 0:06:43]} Bf7 {[%emt 0:00:36]} 12. Bf4 {[%emt 0:04:00]} Qb8 {[%emt 0:03:13]} 13. exf6 {[%emt 0:02:00]} Ngxf6 {[%emt 0:00:33]} 14. Bxc7 {[%emt 0:01:17]} Qxc7 {[%emt 0:00:03]} 15. Bd3 {[%emt 0:01:32]} O-O-O {[%emt 0:06:06]} 16. Qe2 {[%emt 0:00:49]} Rde8 {[%emt 0:05:53]} 17. O-O-O {[%emt 0:05:27]} e5 {[%emt 0:08:57]} 18. Nxe5 {[%emt 0:01:26]} Nxe5 {[%emt 0:00:08]} 19. dxe5 {[%emt 0:00:04]} Rxe5 {[%emt 0:10:00]} 20. Qf3 {[%emt 0:00:44]} Be6 {[%emt 0:14:22]} 21. Rh4 {[%emt 0:00:58]} h6 {[%emt 0:01:36]} 22. Rf4 {[%emt 0:04:07]} Re8 {[%emt 0:12:49]} 23. Bg6 {[%emt 0:09:44]} Rd8 {[%emt 0:03:07]} 24. Rxf6 {[%emt 0:02:12]} gxf6 {[%emt 0:00:14]} 25. Qxf6 {[%emt 0:00:05]} Bd7 {[%emt 0:07:48]} 26. Qf4 {[%emt 0:11:40]} Rg5 {[%emt 0:01:40]} 27. Qe3 {[%emt 0:00:46]} c5 {[%emt 0:04:05]} 28. Kb1 {[%emt 0:02:04]} Rf8 {[%emt 0:04:27]} 29. Rd2 {[%emt 0:08:29]} b6 {[%emt 0:00:39]} 30. Qe7 {[%emt 0:07:30]} Qf4 {[%emt 0:02:10]} 31. Ne4 {[%emt 0:02:29]} Rxg6 {[%emt 0:03:13]} 32. Rxd5 {[%emt 0:03:01]} Rf7 {[%emt 0:01:03]} 33. Rxc5+ {[%emt 0:04:07]} bxc5 {[%emt 0:00:12]} 34. Qxc5+ {[%emt 0:00:06]} Rc6 {[%emt 0:00:07]} 0-1

[Event "IIFL Wealth 4th Mumbai GM"]
[Site "Mumbai"]
[Date "2019.01.04"]
[Round "6"]
[White "Anuj Shrivatri"]
[Black "Patil, Pratik"]
[Result "1/2-1/2"]
[WhiteElo "2357"]
[BlackElo "2178"]
[Annotator "NA"]
[PlyCount "113"]
[EventDate "2018.12.30"]
[EventType "swiss"]
[EventCountry "IND"]
[SourceTitle "playchess.com"]
[Source "ChessBase"]
[SourceQuality "1"]
[TimeControl "40/5400+30:1800+30"]

1. c4 {[%emt 0:00:00]} Nf6 {[%emt 0:00:01]} 2. Nc3 {[%emt 0:00:00]} d5 {[%emt 0:01:31]} 3. cxd5 {[%emt 0:01:42]} Nxd5 {[%emt 0:00:04]} 4. g3 {[%emt 0:00:06]} g6 {[%emt 0:00:33]} 5. Bg2 {[%emt 0:00:06]} Nb6 {[%emt 0:00:05]} 6. d3 {[%emt 0:00:06]} Bg7 {[%emt 0:00:48]} 7. Be3 {[%emt 0:00:12]} O-O {[%emt 0:01:41]} 8. h4 {[%emt 0:00:11]} h5 {[%emt 0:01:11]} 9. Qd2 {[%emt 0:00:13]} Nc6 {[%emt 0:00:35]} 10. Bxc6 {[%emt 0:00:28]} bxc6 {[%emt 0:00:10]} 11. Bh6 {[%emt 0:00:05]} c5 {[%emt 0:01:48]} 12. Nf3 {[%emt 0:00:08]} Bb7 {[%emt 0:01:57]} 13. Bxg7 {[%emt 0:00:08]} Kxg7 {[%emt 0:00:09]} 14. Ne4 {[%emt 0:00:06]} c4 {[%emt 0:10:51]} 15. O-O {[%emt 0:00:32]} cxd3 {[%emt 0:02:30]} 16. exd3 {[%emt 0:00:09]} c5 {[%emt 0:18:08]} 17. b3 Qd5 {[%emt 0:02:34]} 18. Rfe1 {[%emt 0:27:52]} Rfd8 {[%emt 0:07:34]} 19. Rad1 {[%emt 0:03:55]} Qf5 {[%emt 0:14:08]} 20. Qe2 {[%emt 0:19:03]} Rac8 {[%emt 0:13:51]} 21. Neg5 {[%emt 0:11:12]} Bxf3 {[%emt 0:07:45]} 22. Nxf3 {[%emt 0:08:01]} Nd5 {[%emt 0:00:17]} 23. Qb2+ {[%emt 0:00:46]} Qf6 {[%emt 0:01:29]} 24. Ne5 {[%emt 0:01:07]} Nb4 {[%emt 0:01:20]} 25. Rd2 {[%emt 0:05:58]} Rd5 {[%emt 0:02:59]} 26. a3 {[%emt 0:01:30]} Nc6 {[%emt 0:00:02]} 27. Nxc6 {[%emt 0:00:16]} Qxb2 {[%emt 0:01:28]} 28. Rxb2 {[%emt 0:00:07]} Rxc6 {[%emt 0:00:02]} 29. Rxe7 {[%emt 0:00:13]} Ra6 {[%emt 0:04:12]} 30. a4 {[%emt 0:05:55]} Rxd3 {[%emt 0:00:33]} 31. Rc7 {[%emt 0:00:12]} Rc3 {[%emt 0:04:10]} 32. Kf1 {[%emt 0:02:26]} Rb6 {[%emt 0:00:03]} 33. a5 {[%emt 0:05:56]} Rbxb3 {[%emt 0:01:28]} 34. Rxb3 {[%emt 0:00:07]} Rxb3 {[%emt 0:00:01]} 35. Rxa7 {[%emt 0:00:02]} Ra3 {[%emt 0:00:10]} 36. Ke2 {[%emt 0:00:37]} c4 {[%emt 0:01:05]} 37. Kd2 {[%emt 0:00:28]} Rf3 {[%emt 0:00:33]} 38. Rc7 {[%emt 0:07:18]} Rxf2+ {[%emt 0:00:04]} 39. Kc3 {[%emt 0:00:14]} Rf3+ {[%emt 0:00:58]} 40. Kxc4 {[%emt 0:00:00]} Rxg3 {[%emt 0:00:00]} 41. a6 {[%emt 0:11:51]} Ra3 {[%emt 0:03:25]} 42. a7 {[%emt 0:00:29]} g5 {[%emt 0:04:43]} 43. hxg5 {[%emt 0:02:12]} Kg6 {[%emt 0:05:49]} 44. Kb5 {[%emt 0:03:38]} Kxg5 {[%emt 0:02:28]} 45. Kb4 {[%emt 0:08:40]} Ra6 {[%emt 0:00:11]} 46. Rc5+ {[%emt 0:01:12]} Kg4 {[%emt 0:00:34]} 47. Ra5 {[%emt 0:00:03]} Rxa7 {[%emt 0:00:04]} 48. Rxa7 {[%emt 0:00:05]} h4 {[%emt 0:00:55]} 49. Rxf7 {[%emt 0:00:03]} h3 {[%emt 0:00:11]} 50. Rh7 {[%emt 0:00:02]} Kg3 {[%emt 0:00:04]} 51. Kc3 {[%emt 0:00:04]} h2 {[%emt 0:00:17]} 52. Kd2 {[%emt 0:00:03]} Kg2 {[%emt 0:00:05]} 53. Rg7+ {[%emt 0:00:05]} Kf2 {[%emt 0:00:11]} 54. Rh7 {[%emt 0:00:04]} Kg2 {[%emt 0:00:05]} 55. Ke2 {[%emt 0:00:03]} h1=Q {[%emt 0:00:13]} 56. Rh6 Qh3 57. Rxh3 {[%emt 0:00:34] Kh1 [%clk 0:19:53] Rxh1} 1/2-1/2

[Event "IIFL Wealth 4th Mumbai GM"]
[Site "Mumbai"]
[Date "2019.01.04"]
[Round "6"]
[White "Siva Mahadevan"]
[Black "Deshpande, Aniruddha"]
[Result "1-0"]
[WhiteElo "2333"]
[BlackElo "2167"]
[Annotator "NA"]
[PlyCount "51"]
[EventDate "2018.12.30"]
[EventType "swiss"]
[EventCountry "IND"]
[SourceTitle "playchess.com"]
[Source "ChessBase"]
[SourceQuality "1"]
[TimeControl "40/5400+30:1800+30"]

1. d4 {[%emt 0:00:00]} Nf6 {[%emt 0:01:08]} 2. c4 {[%emt 0:00:00]} c5 {[%emt 0:02:25]} 3. d5 {[%emt 0:00:20]} e6 {[%emt 0:00:22]} 4. Nc3 {[%emt 0:00:37]} exd5 {[%emt 0:00:29]} 5. cxd5 {[%emt 0:00:17]} d6 {[%emt 0:00:09]} 6. e4 {[%emt 0:01:29]} g6 {[%emt 0:00:41]} 7. f4 {[%emt 0:06:54]} Bg7 {[%emt 0:01:47]} 8. Bb5+ {[%emt 0:00:06]} Nfd7 {[%emt 0:10:19]} 9. Nf3 {[%emt 0:00:45]} a6 {[%emt 0:00:53]} 10. Bd3 {[%emt 0:00:11]} b5 {[%emt 0:00:19]} 11. O-O {[%emt 0:00:08]} O-O {[%emt 0:04:02]} 12. Kh1 {[%emt 0:00:31]} Re8 {[%emt 0:03:31]} 13. a3 {[%emt 0:01:41]} c4 {[%emt 0:11:05]} 14. Bc2 {[%emt 0:01:20]} Nc5 {[%emt 0:00:17]} 15. f5 {[%emt 0:00:06]} Nbd7 {[%emt 0:06:54]} 16. Bg5 {[%emt 0:00:37]} Bf6 {[%emt 0:00:59]} 17. h4 {[%emt 0:00:17]} Ra7 {[%emt 0:05:37]} 18. Qd2 {[%emt 0:08:00]} Ne5 {[%emt 0:06:53]} 19. fxg6 {[%emt 0:31:16]} hxg6 {[%emt 0:03:46]} 20. Nxe5 {[%emt 0:03:47]} Bxg5 {[%emt 0:03:26]} 21. hxg5 {[%emt 0:00:29]} Rxe5 {[%emt 0:02:41]} 22. Rf6 {[%emt 0:00:03]} Qe7 {[%emt 0:09:47]} 23. Raf1 {[%emt 0:00:42]} Nd7 {[%emt 0:00:31]} 24. Rxf7 {[%emt 0:00:13]} Qxf7 {[%emt 0:03:02]} 25. Rxf7 {[%emt 0:00:07]} Kxf7 {[%emt 0:00:08]} 26. Qf2+ {[%emt 0:00:04]} 1-0

[Event "IIFL Wealth 4th Mumbai GM"]
[Site "Mumbai"]
[Date "2019.01.04"]
[Round "6"]
[White "Srihari L R"]
[Black "Nikhil Magizhnan"]
[Result "1/2-1/2"]
[WhiteElo "2316"]
[BlackElo "2148"]
[Annotator "NA"]
[PlyCount "106"]
[EventDate "2018.12.30"]
[EventType "swiss"]
[EventCountry "IND"]
[SourceTitle "playchess.com"]
[Source "ChessBase"]
[SourceQuality "1"]
[TimeControl "40/5400+30:1800+30"]

1. Nf3 Nf6 2. c4 e6 3. d4 d5 4. Nc3 Bb4 5. cxd5 exd5 6. Bg5 O-O 7. e3 h6 8. Bh4 c6 9. Qb3 Be7 10. Bd3 Ne4 11. Bxe7 Qxe7 12. O-O Be6 13. Qc2 f5 14. Ne5 Qe8 15. f3 Nxc3 16. Qxc3 Nd7 17. f4 Nxe5 18. fxe5 Qe7 19. b4 a6 20. a4 Bd7 21. a5 Be6 22. Kh1 Rf7 23. Rf3 Raf8 24. Raf1 Bd7 25. Qc5 Qxc5 26. bxc5 g6 27. g3 Kg7 28. Kg2 Be6 29. R3f2 Re8 30. h3 Ref8 31. h4 h5 32. Kf3 Kh6 33. Rh2 Rc7 34. Rb1 Rff7 35. Kf4 Rfe7 36. Rb6 Bc8 37. Rhb2 Rf7 38. Bb1 Rfe7 39. Ba2 Be6 40. Bb3 Rf7 41. Ba4 Bc8 42. Bb3 Be6 43. Ba2 Rfe7 44. Rb1 Rf7 45. R6b2 Rfe7 46. Kf3 Rf7 47. Rh1 Rfe7 48. Bb3 Rf7 49. Ba4 Rfe7 50. Rb6 Bc8 51. Rf1 Kg7 52. Kf4 Kh6 53. Rb2 Be6 {Ke4} 1/2-1/2

[Event "IIFL Wealth 4th Mumbai GM"]
[Site "Mumbai"]
[Date "2019.01.04"]
[Round "6"]
[White "Kathmale, Sameer"]
[Black "Varshini, V."]
[Result "0-1"]
[WhiteElo "2312"]
[BlackElo "2171"]
[Annotator "NA"]
[PlyCount "74"]
[EventDate "2018.12.30"]
[EventType "swiss"]
[EventCountry "IND"]
[SourceTitle "playchess.com"]
[Source "ChessBase"]
[SourceQuality "1"]
[TimeControl "40/5400+30:1800+30"]

1. e4 c5 2. Nf3 d6 3. d4 cxd4 4. Nxd4 Nf6 5. Nc3 a6 6. Nb3 e6 7. g4 Be7 8. Bg2 Qc7 9. Be3 Nc6 10. g5 Nd7 11. f4 b5 12. Qe2 Nb6 13. O-O-O Nc4 14. Kb1 Bd7 15. Bc1 Rc8 16. Rhe1 Na7 17. Rd3 b4 18. Nd5 exd5 19. exd5 O-O 20. Nd4 Rfe8 21. Be4 g6 22. f5 Nb5 23. Ne6 fxe6 24. fxg6 Ne5 25. Rh3 hxg6 26. Bf4 Nd4 27. Qf2 Nf5 28. Bxf5 exf5 29. Qh4 Qxc2+ 30. Ka1 Nf7 31. Qh7+ Kf8 32. Qxg6 Bf6 33. Bxd6+ Re7 34. Bxe7+ Bxe7 35. Rh8+ Nxh8 36. Qh6+ Kg8 37. g6 Bf6 0-1

[Event "IIFL Wealth 4th Mumbai GM"]
[Site "Mumbai"]
[Date "2019.01.04"]
[Round "6"]
[White "Konguvel, Ponnuswamy"]
[Black "Rakshitta Ravi"]
[Result "1/2-1/2"]
[WhiteElo "2282"]
[BlackElo "2141"]
[Annotator "NA"]
[PlyCount "70"]
[EventDate "2018.12.30"]
[EventType "swiss"]
[EventCountry "IND"]
[SourceTitle "playchess.com"]
[Source "ChessBase"]
[SourceQuality "1"]
[TimeControl "40/5400+30:1800+30"]

1. e4 e5 2. Nf3 Nc6 3. Bb5 a6 4. Ba4 Nf6 5. O-O Bc5 6. c3 O-O 7. d4 Ba7 8. Bg5 h6 9. Bh4 exd4 10. e5 g5 11. Bxc6 dxc3 12. Nxc3 dxc6 13. Qxd8 Rxd8 14. Nxg5 Nd5 15. Nge4 Nxc3 16. bxc3 Rd3 17. Rad1 Rxd1 18. Rxd1 Be6 19. a3 f5 20. exf6 Re8 21. Kh1 a5 22. f3 b5 23. h3 Bd5 24. g4 Kf7 25. Kg2 a4 26. Bg3 Bxe4 27. fxe4 Kxf6 28. Rd7 Bc5 29. Rxc7 Bxa3 30. e5+ Ke6 31. Rxc6+ Kd5 32. Rb6 Kc4 33. Rc6+ Kd5 34. Rb6 Kc4 35. Rc6+ Kd5 1/2-1/2

[Event "IIFL Wealth 4th Mumbai GM"]
[Site "Mumbai"]
[Date "2019.01.04"]
[Round "6"]
[White "Dushyant Sharma"]
[Black "Thipsay, Bagyashree Sathe"]
[Result "0-1"]
[WhiteElo "2271"]
[BlackElo "2028"]
[Annotator "NA"]
[PlyCount "102"]
[EventDate "2018.12.30"]
[EventType "swiss"]
[EventCountry "IND"]
[SourceTitle "playchess.com"]
[Source "ChessBase"]
[SourceQuality "1"]
[TimeControl "40/5400+30:1800+30"]

1. e4 {[%emt 0:00:00]} c6 {[%emt 0:00:00]} 2. d4 {[%emt 0:00:00]} d5 {[%emt 0:00:00]} 3. e5 {[%emt 0:00:00]} Bf5 {[%emt 0:00:00]} 4. h4 {[%emt 0:00:00]} h5 {[%emt 0:00:00]} 5. c4 {[%emt 0:00:00]} e6 {[%emt 0:00:00]} 6. Nc3 {[%emt 0:00:08]} Ne7 {[%emt 0:00:22]} 7. Bg5 {[%emt 0:01:02]} Qb6 {[%emt 0:00:45]} 8. Qd2 {[%emt 0:00:27]} Nd7 {[%emt 0:05:55]} 9. Nf3 {[%emt 0:05:29]} Bg4 {[%emt 0:03:22]} 10. Nh2 {[%emt 0:25:11]} Bf5 {[%emt 0:00:17]} 11. Nf3 {[%emt 0:05:23]} Bg4 {[%emt 0:02:06]} 12. O-O-O {[%emt 0:03:21]} Nf5 {[%emt 0:08:29]} 13. Be2 {[%emt 0:02:11]} Qa5 {[%emt 0:03:08]} 14. Kb1 {[%emt 0:02:14]} Bb4 {[%emt 0:03:38]} 15. Rc1 {[%emt 0:02:26]} Nb6 {[%emt 0:13:53]} 16. a3 {[%emt 0:21:46]} Bxc3 {[%emt 0:00:28]} 17. Rxc3 {[%emt 0:00:24]} dxc4 {[%emt 0:03:25]} 18. Bxc4 {[%emt 0:02:47]} Bxf3 {[%emt 0:00:46]} 19. gxf3 {[%emt 0:00:19]} Nxc4 {[%emt 0:00:04]} 20. Rxc4 {[%emt 0:00:08]} Qxd2 {[%emt 0:00:06]} 21. Bxd2 {[%emt 0:00:08]} O-O-O {[%emt 0:00:13]} 22. Be3 {[%emt 0:00:49]} Rd5 {[%emt 0:02:25]} 23. Kc2 {[%emt 0:03:21]} Rhd8 {[%emt 0:00:40]} 24. Kc3 {[%emt 0:00:18]} R8d7 {[%emt 0:00:09]} 25. b4 {[%emt 0:00:35]} a5 {[%emt 0:04:33]} 26. Rc5 {[%emt 0:06:08]} axb4+ {[%emt 0:00:38]} 27. axb4 {[%emt 0:00:28]} Kc7 {[%emt 0:01:05]} 28. Rc4 {[%emt 0:04:05]} g6 {[%emt 0:05:28]} 29. Rc5 {[%emt 0:01:37]} b6 {[%emt 0:00:34]} 30. Rxd5 {[%emt 0:00:47]} Rxd5 {[%emt 0:01:24]} 31. Ra1 {[%emt 0:00:15]} Kb7 {[%emt 0:00:04]} 32. Rh1 {[%emt 0:00:09]} Rd8 {[%emt 0:02:59]} 33. Kc4 {[%emt 0:03:49]} b5+ {[%emt 0:01:15]} 34. Kc3 {[%emt 0:00:07]} Ra8 {[%emt 0:00:09]} 35. Kb3 {[%emt 0:00:15]} Ra4 {[%emt 0:00:18]} 36. Kc3 {[%emt 0:10:09]} Nxe3 {[%emt 0:05:02]} 37. fxe3 {[%emt 0:00:01]} Ra3+ {[%emt 0:00:06]} 38. Kd2 {[%emt 0:00:08]} Rb3 {[%emt 0:00:04]} 39. f4 {[%emt 0:00:42]} Rxb4 {[%emt 0:00:04]} 40. Rg1 {[%emt 0:00:00]} Rb2+ {[%emt 0:00:00]} 41. Kc3 {[%emt 0:00:58]} Rh2 {[%emt 0:02:58]} 42. f5 {[%emt 0:00:14]} exf5 {[%emt 0:00:51]} 43. e6 {[%emt 0:00:10]} fxe6 {[%emt 0:00:04]} 44. Rxg6 {[%emt 0:00:16]} Rxh4 {[%emt 0:00:03]} 45. Rxe6 {[%emt 0:00:35]} Re4 {[%emt 0:00:25]} 46. Rh6 {[%emt 0:00:26]} Rxe3+ {[%emt 0:00:24]} 47. Kb4 {[%emt 0:00:04]} Rd3 {[%emt 0:02:43]} 48. Ka5 {[%emt 0:00:07]} Kc7 {[%emt 0:01:00]} 49. Rh7+ {[%emt 0:00:40]} Kd6 {[%emt 0:02:55]} 50. Rxh5 {[%emt 0:00:09]} f4 {[%emt 0:00:25]} 51. Kb6 {[%emt 0:00:24]} Rxd4 {[%emt 0:00:53]} 0-1

[Event "IIFL Wealth 4th Mumbai GM"]
[Site "Mumbai"]
[Date "2019.01.04"]
[Round "6"]
[White "Mohota, Nisha"]
[Black "Saksham Rautela"]
[Result "1/2-1/2"]
[WhiteElo "2264"]
[BlackElo "2123"]
[Annotator "NA"]
[PlyCount "97"]
[EventDate "2018.12.30"]
[EventType "swiss"]
[EventCountry "IND"]
[SourceTitle "playchess.com"]
[Source "ChessBase"]
[SourceQuality "1"]
[TimeControl "40/5400+30:1800+30"]

1. e4 {[%emt 0:00:00]} e5 {[%emt 0:00:07]} 2. Nf3 {[%emt 0:00:00]} Nf6 {[%emt 0:00:40]} 3. Nc3 {[%emt 0:00:01]} Nc6 {[%emt 0:00:15]} 4. Bb5 {[%emt 0:00:07]} Bb4 {[%emt 0:02:16]} 5. O-O {[%emt 0:00:24]} O-O {[%emt 0:00:08]} 6. d3 {[%emt 0:00:06]} Bxc3 {[%emt 0:00:20]} 7. bxc3 {[%emt 0:00:03]} d6 {[%emt 0:00:58]} 8. Re1 {[%emt 0:00:25]} a6 {[%emt 0:02:34]} 9. Bxc6 {[%emt 0:04:23]} bxc6 {[%emt 0:00:07]} 10. h3 {[%emt 0:04:36]} h6 {[%emt 0:10:46]} 11. Rb1 {[%emt 0:01:35]} Be6 {[%emt 0:02:08]} 12. c4 {[%emt 0:00:18]} Rb8 {[%emt 0:08:47]} 13. Bd2 {[%emt 0:15:47]} Rxb1 {[%emt 0:09:29]} 14. Qxb1 {[%emt 0:00:04]} Qa8 {[%emt 0:00:06]} 15. Nh4 {[%emt 0:11:46]} d5 {[%emt 0:09:29]} 16. Qb2 {[%emt 0:09:40]} dxe4 {[%emt 0:17:08]} 17. Qxe5 {[%emt 0:01:17]} Qd8 {[%emt 0:01:26]} 18. Re3 {[%emt 0:08:49]} Qd6 {[%emt 0:13:05]} 19. Qc3 {[%emt 0:08:32]} Rd8 {[%emt 0:04:53]} 20. Be1 {[%emt 0:08:25]} exd3 {[%emt 0:04:10]} 21. cxd3 {[%emt 0:04:06]} Qd4 {[%emt 0:00:19]} 22. Nf3 {[%emt 0:01:13]} Qxc3 {[%emt 0:00:01]} 23. Bxc3 {[%emt 0:00:06]} Bf5 {[%emt 0:01:48]} 24. Ne5 {[%emt 0:05:30]} Re8 {[%emt 0:07:37]} 25. g4 {[%emt 0:03:00]} Bh7 {[%emt 0:01:26]} 26. d4 {[%emt 0:01:35]} Re6 {[%emt 0:01:50]} 27. Bb4 {[%emt 0:01:35]} Ne4 {[%emt 0:00:47]} 28. f4 {[%emt 0:02:56]} c5 {[%emt 0:00:46]} 29. dxc5 {[%emt 0:02:49]} f6 {[%emt 0:00:28]} 30. Nf3 {[%emt 0:00:50]} Ng5 {[%emt 0:00:34]} 31. Rxe6 {[%emt 0:01:34]} Nxe6 {[%emt 0:00:01]} 32. f5 {[%emt 0:00:07]} Ng5 {[%emt 0:00:59]} 33. Nd4 {[%emt 0:02:46]} Kf8 {[%emt 0:00:26]} 34. h4 {[%emt 0:00:50]} Nh3+ {[%emt 0:00:31]} 35. Kh2 {[%emt 0:01:13]} Nf4 {[%emt 0:00:24]} 36. Kg3 {[%emt 0:00:33]} Nd3 {[%emt 0:00:02]} 37. Ne6+ {[%emt 0:00:28]} Ke7 {[%emt 0:01:04]} 38. Ba3 {[%emt 0:00:26]} c6 {[%emt 0:00:09]} 39. Nxg7 {[%emt 0:01:01]} Bg8 {[%emt 0:00:19]} 40. Nh5 {[%emt 0:00:00]} Bxc4 {[%emt 0:00:00]} 41. Nf4 {[%emt 0:09:43]} Nxf4 {[%emt 0:04:49]} 42. Kxf4 {[%emt 0:00:03]} Bxa2 {[%emt 0:05:25]} 43. g5 {[%emt 0:02:15]} hxg5+ {[%emt 0:00:19]} 44. hxg5 {[%emt 0:00:03]} fxg5+ {[%emt 0:00:02]} 45. Kxg5 {[%emt 0:00:14]} Kf7 {[%emt 0:00:05]} 46. Kf4 {[%emt 0:00:25]} Bd5 {[%emt 0:00:17]} 47. Bb4 {[%emt 0:00:48]} Bh1 {[%emt 0:00:11]} 48. Ke5 {[%emt 0:00:08]} Bd5 {[%emt 0:00:08]} 49. Bc3 {[%emt 0:01:00]} 1/2-1/2